Исследование влияния аварийных режимов и защиты на надежность асинхронных электродвигателей: диссертация на соискание ученой степени кандидата технических наук

Dades bibliogràfiques
Autor principal: Иткин Б. А.
Autor corporatiu: Томский политехнический институт (ТПИ)
Altres autors: Сипайлов Г. А. Геннадий Антонович (научный руководитель), Стрельбицкий Э. К. Эдуард Карлович
Idioma:rus
Publicat: Томск, [Б. и.], 1967
Matèries:
Format: MixedMaterials Llibre
KOHA link:https://koha.lib.tpu.ru/cgi-bin/koha/opac-detail.pl?biblionumber=143247

MARC

LEADER 00000nbm0a2200000 4500
001 143247
005 20231031143151.0
035 |a (RuTPU)RU\TPU\book\155219 
090 |a 143247 
100 |a 20080917d1967 k y0rusy50 ca 
101 0 |a rus 
102 |a RU 
105 |a a m 001zy 
200 1 |a Исследование влияния аварийных режимов и защиты на надежность асинхронных электродвигателей  |e диссертация на соискание ученой степени кандидата технических наук  |f Б. А. Иткин  |g Томский политехнический институт (ТПИ) ; науч. рук. Г. А. Сипайлов, Э. К. Стрельбицкий 
210 |a Томск  |c [Б. и.]  |d 1967 
215 |a 166 л.  |c ил. 
320 |a Библиогр.: с.141 - 152 ( 105 назв.) 
610 1 |a асинхронные двигатели 
610 1 |a надежность 
610 1 |a аварийные режимы 
610 1 |a защита 
610 1 |a обмотки 
610 1 |a статоры 
610 1 |a изоляция 
610 1 |a износ 
610 1 |a математическая модель 
610 1 |a планирование эксперимента 
610 1 |a исследование 
610 1 |a диссертации 
610 1 |a аппараты 
675 |a 621.313.333.0014(04)  |v 3 
700 1 |a Иткин  |b Б. А. 
702 1 |a Сипайлов  |b Г. А.  |c специалист в области электромеханики  |c профессор Томского политехнического университета  |f 1920-2004  |g Геннадий Антонович  |2 stltpush  |3 (RuTPU)RU\TPU\pers\12400  |4 727 
702 1 |a Стрельбицкий  |b Э. К.  |c российский ученый, электромеханик  |c профессор кафедры электрических машин и аппаратов ТПИ  |f 1932-2005  |g Эдуард Карлович  |2 stltpush  |3 (RuTPU)RU\TPU\pers\19870  |4 727 
712 0 2 |a Томский политехнический институт (ТПИ)  |c (1944-1991)  |2 stltpush  |3 (RuTPU)RU\TPU\col\1123 
801 1 |a RU  |b 63413507  |c 20080917  |g PSBO 
801 2 |a RU  |b 63413507  |c 20150907  |g RCR 
942 |c BK